000 00419nam a22001577a 4500
008 241205b ||||| |||| 00| 0 eng d
020 _a9798888363829
041 _aeng
082 _a660.65
_bHAD
100 _aHawkins, Marcus
245 _aDNA: The Science of Genetic Engineering
_cby Marcus Hawkins
260 _aNew York, USA
_bLarsen and Keller
_c2024
300 _a313p.
650 _aBIOTECHNOLOGY
942 _cBK
999 _c48950
_d48950